000 01554namaa22003131i 4500
005 20260625131555.0
008 260625s1994 ua a|||frm||| 000 0 eng d
040 _aEG-GICUC
_beng
_cEG-GICUC
_dEG-GICUC
_erda
041 0 _aeng
_beng
_bara
049 _aDeposite
097 _aPh.D
099 _aCai01.09.11.Ph.D.Me.C.
100 0 _aMedhat Mokhtar Mohamed EL Tohamy,.
_epreparation.
245 1 0 _aA Comparative Study Between Eminectomy And Dautrey Procedure For Management Of Chronic Condylar Dislocation Of The Temporo- Mandibular Joint /
_cBy Medhat Mokhtar Mohamed EL Tohamy; Supervisors Prof. Dr. Ragab Radwan EL-Beially, Associate Prof. Mohamed Galal Behairy.
246 1 5 _aمقارنة دراسية بين عملية ازالة النتوء المفصلى بالعظمة الصدغية وعملية دوزتراى في علاج الخلع المتكرر للقمة المفصل الصدغى اللحيى /
264 0 _c1994.
300 _a133 pages :
_billustrations ;
_c30 cm. +
336 _2rda content
_atext
337 _2rdamedia
_aUnmediated
338 _2rdacarrier
_avolume
502 _aThesis (Ph.D)-Cairo University, 1994.
504 _aBibliography: pages 122-133.
653 0 _aOral Surgery
700 0 _aRagab Radwan EL-Beially
_ethesis advisor.
700 0 _aMohamed Galal Behairy
_ethesis advisor.
900 _DDepartment of Oral Surgery
_FFaculty of Oral And Dental Medicine
_UCairo University
_b1994
_cRagab Radwan EL-Beially
_cMohamed Galal Behairy
905 _aEman El gebaly
942 _2ddc
_cTH
_e21
_n0
999 _c180620